Advanced quantum mechanics

Na minha lista:
Detalhes bibliográficos
Autor principal: Schwabl, Franz (Author)
Formato: Livro
Idioma:inglês
Publicado em: Berlín Springer 2004
Edição:2a. ed
Colecção:Advanced Texts in Physics
Assuntos:
Tags: Adicionar Tag
Sem tags, seja o primeiro a adicionar uma tag!

MARC

LEADER 00000nam a2200000 a 4500
001 UCL8812
003 CL-VaPUC
008 040709e20040000GW |||||||||||||||||eng|d
020 |a 3540401520 
082 0 4 |a 530.12  |b SCH  |2 21 
100 0 |a Schwabl, Franz  |e author  |9 486746 
245 1 0 |a Advanced quantum mechanics 
250 |a 2a. ed 
300 |a 405 p 
942 |c BK 
945 |d 20040709 00:00:00  |a cmena 
260 |a Berlín  |b Springer  |c 2004 
500 |a Proyecto Mecesup 
650 0 |a Mecánica cuántica  |9 306806 
650 0 |a Electrodinámica   |9 317185 
583 |a last modification  |c 20040709 00:00:00  |k Rodrigo Vera 
490 0 |a Advanced Texts in Physics 
999 |c 309919  |d 309917 
952 |0 0  |1 0  |4 0  |6 530_120000000000000_SCH_2004  |7 0  |8 A  |9 377782  |a BIBCUR  |b BIBCUR  |d 2019-11-21  |i 4034953  |o 530.12 SCH 2004  |p 4034953  |r 2025-04-22  |w 2019-11-21  |y BK  |k FIS